|
|
|
|
| LEADER |
00000nam0a2200000 4500 |
| 001 |
226994 |
| 005 |
20231101230752.0 |
| 035 |
|
|
|a (RuTPU)RU\TPU\book\247387
|
| 090 |
|
|
|a 226994
|
| 100 |
|
|
|a 20121129d1917 m y0rusy50 ca
|
| 101 |
0 |
|
|a rus
|
| 102 |
|
|
|a RU
|
| 105 |
|
|
|a a z 001zy
|
| 200 |
1 |
|
|a Электрический индукционный медицинский аппарат. Его изготовление и применение
|f М. А. Боголепов
|
| 205 |
|
|
|a 4-е изд.
|
| 210 |
|
|
|a Москва
|c Типография Копылова и Дмитриева
|d 1917
|
| 215 |
|
|
|a 54 с.
|c ил.
|
| 606 |
1 |
|
|a Катушки индуктивности
|x Расчет
|2 stltpush
|3 (RuTPU)RU\TPU\subj\14121
|9 40588
|
| 606 |
1 |
|
|a Электромедицинская аппаратура
|2 stltpush
|3 (RuTPU)RU\TPU\subj\20244
|9 45358
|
| 610 |
1 |
|
|a индукционные машины
|
| 610 |
1 |
|
|a катушки индуктивности
|
| 610 |
1 |
|
|a медицинские приборы
|
| 610 |
1 |
|
|a физиотерапия
|
| 610 |
1 |
|
|a медицинские аппараты
|
| 610 |
1 |
|
|a изготовление
|
| 610 |
1 |
|
|a применение
|
| 675 |
|
|
|a 621.318.43
|v 3
|
| 675 |
|
|
|a 615.47
|v 3
|
| 700 |
|
1 |
|a Боголепов
|b М. А.
|
| 801 |
|
1 |
|a RU
|b 63413507
|c 20121129
|
| 801 |
|
2 |
|a RU
|b 63413507
|c 20130215
|g RCR
|
| 942 |
|
|
|c BK
|